000
00344nam a2200133Ia 4500
008
151001s9999||||xx |||||||||||||| ||und||
100
_a
विजयदेव झारी
245
_a
मुस्लिम परिवेश
250
_a
1
260
_b
झारीयन
260
_c
1997
300
_a
176
365
_b
21
999
_c
977953
_d
977950